Biblioteki Polonii Amerykańskiej
Biblioteka Instytutu Józefa Piłsudskiego w Ameryce
Library of the Józef Piłsudski Institute of America
Biblioteka imienia Alfreda Jurzykowskiego Polskiego Instytutu Naukowego w Ameryce
The Alfred Jurzykowski Memorial Library of the Polish Institute of Arts & Sciences of America
Biblioteka Marjanczyków Polskiej Fundacji Kulturalnej
The Marjanczyk Library of the Polish Cultural Foundation

Biblioteka Fundacji Kościuszkowskiej
Library of the Kosciuszko Foundation

Wiersze wybrane / (Record no. 91117)

MARC details
000 -LEADER
fixed length control field 01390nam a2200469 i 4500
001 - CONTROL NUMBER
control field 991021971769705066
003 - CONTROL NUMBER IDENTIFIER
control field NyNyJPI
005 - DATE AND TIME OF LATEST TRANSACTION
control field 20260413200953.0
008 - FIXED-LENGTH DATA ELEMENTS--GENERAL INFORMATION
fixed length control field 180122s2017 pl |000 p pol
009 - PHYSICAL DESCRIPTION FIXED-FIELD FOR ARCHIVAL COLLECTION (VM) [OBSOLETE]
fixed length control field b0000005879670
015 ## - NATIONAL BIBLIOGRAPHY NUMBER
National bibliography number UWD 2018/3826
020 ## - INTERNATIONAL STANDARD BOOK NUMBER
International Standard Book Number 9788365350268
035 ## - SYSTEM CONTROL NUMBER
System control number 991021971769705066
035 ## - SYSTEM CONTROL NUMBER
System control number (PL-WaBN)b58796708-48omnis_nlop
035 ## - SYSTEM CONTROL NUMBER
System control number b58796708
035 ## - SYSTEM CONTROL NUMBER
System control number (OCoLC)1036660417
035 ## - SYSTEM CONTROL NUMBER
System control number (PL)b0000005879670
035 ## - SYSTEM CONTROL NUMBER
System control number (EXLNZ-48OMNIS_NETWORK)9910515037205606
040 ## - CATALOGING SOURCE
Original cataloging agency WA N
Transcribing agency WA N
046 ## - SPECIAL CODED DATES
Beginning or single date created 2017
Single or starting date for aggregated content 1995
Ending date for aggregated content 2016
080 ## - UNIVERSAL DECIMAL CLASSIFICATION NUMBER
Universal Decimal Classification number 821.162.1-1
084 ## - OTHER CLASSIFICATION NUMBER
Classification number 05
100 1# - MAIN ENTRY--PERSONAL NAME
Personal name Wencel, Wojciech
Dates associated with a name (1972- )
Relator term Autor
245 10 - TITLE STATEMENT
Title Wiersze wybrane /
Statement of responsibility, etc. Wojciech Wencel ; [posłowie Wojciech Kudyba].
260 ## - PUBLICATION, DISTRIBUTION, ETC.
Place of publication, distribution, etc. Kraków :
Name of publisher, distributor, etc. Wydawnictwo Arcana,
Date of publication, distribution, etc. 2017.
300 ## - PHYSICAL DESCRIPTION
Extent 193, [2] strony ;
Dimensions 21 cm.
336 ## - CONTENT TYPE
Content type term Tekst
Content type code txt
Source rdacontent
337 ## - MEDIA TYPE
Media type term Bez urządzenia pośredniczącego
Media type code n
Source rdamedia
338 ## - CARRIER TYPE
Carrier type term Wolumin
Carrier type code nc
Source rdacarrier
380 ## - FORM OF WORK
Form of work Książki
380 ## - FORM OF WORK
Form of work Poezja
386 ## - CREATOR/CONTRIBUTOR CHARACTERISTICS
Demographic group term Przynależność kulturowa
Creator/contributor term Literatura polska
388 1# - TIME PERIOD OF CREATION
Time period of creation term 1901-2000
388 1# - TIME PERIOD OF CREATION
Time period of creation term 1989-2000
388 1# - TIME PERIOD OF CREATION
Time period of creation term 2001-
388 2# - TIME PERIOD OF CREATION
Time period of creation term 2001-
500 ## - GENERAL NOTE
General note Nazwa autora posłowia w copyright.
655 #7 - INDEX TERM--GENRE/FORM
Genre/form data or focus term Wiersze
Source of term DBN
700 1# - ADDED ENTRY--PERSONAL NAME
Personal name Kudyba, Wojciech
Dates associated with a name (1965- )
Relator term Posłowie
710 2# - ADDED ENTRY--CORPORATE NAME
Corporate name or jurisdiction name as entry element Arcana
Relator term Wydawca
Relationship pbl
942 ## - ADDED ENTRY ELEMENTS (KOHA)
Source of classification or shelving scheme Other/Generic Classification Scheme
Koha item type Books
Suppress in OPAC No
Holdings
Withdrawn status Lost status Source of classification or shelving scheme Damaged status Not for loan Home library Current library Date acquired Total checkouts Full call number Date last seen Price effective from Koha item type
    Other/Generic Classification Scheme   Not for loan Józef Piłsudski Institute Józef Piłsudski Institute 04/13/2026   K 1854 04/13/2026 04/13/2026 Books